Culture Shock! : Myanmar.
| Main Author: | |
|---|---|
| Format: | Book |
| Published: |
Singapore:
Times Edition-Marshall Cavendishl,
2004.
|
| Series: | Culture Shock!
|
| Subjects: |
| LEADER | 00525cam a2200181 7i4500 | ||
|---|---|---|---|
| 001 | 0000016693 | ||
| 005 | 20051230090000.0 | ||
| 020 | 0 | 0 | |a 981-232-847-5 |
| 090 | 0 | 0 | |a MYAN 959.1 |b YIN |
| 100 | 1 | 0 | |a Yin |
| 245 | 1 | 0 | |a Culture Shock! : |b Myanmar. |
| 260 | 0 | 0 | |a Singapore: |b Times Edition-Marshall Cavendishl, |c 2004. |
| 300 | # | # | |a 216 p. |
| 440 | 0 | 0 | |a Culture Shock! |
| 650 | 0 | 0 | |a Etiquette -- |z Myanmar |
| 650 | 0 | 0 | |a Myanmar -- |x Social life and customs |
| 651 | 0 | 0 | |a Myanmar |
| 999 | |a B000017871 |b Book |c Countries |e Business Information Centre | ||


